000 00651nam a2200253Ia 4500
003 OSt
005 20220928114857.0
006 a|||||r|||| 00| 0
007 ta
008 220927b |||||||| |||| 00| 0 eng d
024 _a70475
037 _cTextual
040 _aSDCL
_cSDCL
_beng
041 _2eng
_aeng
082 _aB, P5
100 _aAhsan Zafar
_9426290
245 0 _aMathematical methods.
260 _aNew Delhi
_bAnamaya Publishers
_c2005
300 _ax,332p
_ccm.
650 _aMathematics
700 _a Ahsan Nikhat
_9441824
942 _hB, P5
_cTEXL
_2CC
999 _c757188
_d757188